تاریخ اسلام کی چار سو باکمال خواتین (Record no. 14061)
[ view plain ]
| 000 -LEADER | |
|---|---|
| fixed length control field | 00343nam a22001097a 4500 |
| 082 ## - DEWEY DECIMAL CLASSIFICATION NUMBER | |
| Classification number | 297.082 |
| 100 ## - MAIN ENTRY--AUTHOR NAME | |
| Personal name | طالب ہاشمی |
| 245 ## - TITLE STATEMENT | |
| Title | تاریخ اسلام کی چار سو باکمال خواتین |
| 260 ## - PUBLICATION, DISTRIBUTION, ETC. (IMPRINT) | |
| Place of publication | لاہور |
| Name of publisher | طالب ہاشمی میموریل ٹرسٹ پبلیکیشنز |
| Year of publication | 2015 |
| 300 ## - PHYSICAL DESCRIPTION | |
| Number of Pages | صفحات 640 |
| 942 ## - ADDED ENTRY ELEMENTS (KOHA) | |
| Koha item type | Books |
| Withdrawn status | Lost status | Collection code | Permanent Location | Current Location | Shelving location | Date acquired | Full call number | Accession Number | Koha item type |
|---|---|---|---|---|---|---|---|---|---|
| | | Islamic Personalities Biographies | MAJU | MAJU | Shelf No.A-9 | 2025-09-05 | 297.082 | 11158 | Books |